000 00367nam a2200145Ia 4500
008 231129s1989||||xx |||||||||||||| ||spa||
020 _a958-95108-8-4
040 _bspa
082 _a364.1066 G633s
100 _aGomez Hurtado Alvaro
245 0 _aSoy libre
260 _c1989
264 _aEdiciones Gama
942 _2ddc
_cBKS
999 _c24842
_d24842